Dr. Babasaheb Ambedkar (Record no. 157369)

MARC details
000 -LEADER
fixed length control field 00463nam a22001697a 4500
005 - DATE AND TIME OF LATEST TRANSACTION
control field 20180911162122.0
010 ## - LCCN (DPL NO)
LC control number B-108218
020 ## - INTERNATIONAL STANDARD BOOK NUMBER
International Standard Book Number 8123738609
Terms of availability 55.00
035 ## - SYSTEM CONTROL NUMBER
System control number B-108218
037 ## - SOURCE OF ACQUISITION
Source of stock number/acquisition National Book Trust, India
082 ## - DEWEY DECIMAL CLASSIFICATION NUMBER
Classification number 921
100 ## - MAIN ENTRY--PERSONAL NAME
Personal name Moon, Vasant
245 ## - TITLE STATEMENT
Title Dr. Babasaheb Ambedkar
Statement of responsibility, etc Vasant Moon
260 ## - PUBLICATION, DISTRIBUTION, ETC. (IMPRINT)
Place of publication, distribution, etc New Delhi
Name of publisher, distributor, etc National Book Trust, India
Date of publication, distribution, etc 2002
300 ## - PHYSICAL DESCRIPTION
Extent 224p.
Dimensions 22cm (pbk)
942 ## - ADDED ENTRY ELEMENTS (KOHA)
Source of classification or shelving scheme Dewey Decimal Classification
Item type English Books
Classification part 921
Call number suffix AMB
Holdings
Withdrawn status Lost status Not for loan Collection code Home library Current library Date acquired Full call number Barcode Koha item type
      Non-fiction Sarojini Nagar Sarojini Nagar 11/09/2018 921 AMB B-108218 English Books

© Delhi Public Library
Hit Counter
free hit counter